000 00760nam a2200253Ia 4500
003 OSt
005 20220918165305.0
006 a|||||r|||| 00| 0
007 ta
008 220917b |||||||| |||| 00| 0 eng d
020 _a1859739318 (pbk)
024 _a41,757
037 _cTextual
040 _aARTS
_cARTS
_beng
041 _2eng
_aeng
082 _aW940aY75, N7
100 _aWicker Hans-Rudolf Ed.
_923587
245 0 _aRethinking nationalism and ethnicity
_b the struggle for meaning and order in Europe edited by Hans-Rudolf Wicker
260 _aOxford
_bBerg
_c1997
300 _avii,332p.
_ccm.
650 _aPOLITICAL SCIENCE
942 _hW940aY75, N7
_cTEXL
_2CC
999 _c129110
_d129110